| 000 | 00691nam a2200241Ia 4500 | ||
|---|---|---|---|
| 008 | 200601s9999 xx 000 0 und d | ||
| 020 | _a978-1-98462-548-9 | ||
| 050 | _aMAIN TX 656 | ||
| 050 | _b.C54 2019 | ||
| 245 | 0 | _a3G handy guide : | |
| 245 | 0 | _bclean kitchen premises and equipment / | |
| 245 | 0 | _cauthored and edited by 3G E-learning. | |
| 260 | _aNew York : | ||
| 260 | _b3G E-learning, | ||
| 260 | _c2019 | ||
| 300 | _a207 pages : | ||
| 300 | _bcolor illustrations ; | ||
| 300 | _c24 cm. | ||
| 440 | _a3G E-learning | ||
| 500 | _aIncludes bibliographical references and index. | ||
| 650 | _aKitchen utensils. | ||
| 650 | _xFood service -- Equipment and supplies. | ||
| 999 |
_c363207 _d363207 |
||